[Event "Voronezh-ch"]
[Site "Voronezh"]
[Date "2013.03.16"]
[Round "6"]
[White "Korotchenkov, Viktor"]
[Black "Lazarev, Alexander"]
[Result "0-1"]
[WhiteElo "1652"]
[BlackElo "1950"]
[PlyCount "58"]
[EventDate "2013.03.12"]
[EventType "swiss"]
[EventRounds "7"]
[EventCountry "RUS"]
[SourceTitle "CBM 153 Extra"]
[Source "ChessBase"]
[SourceDate "2013.04.22"]
[SourceVersion "1"]
[SourceVersionDate "2013.04.22"]
[SourceQuality "1"]

1. d4 Nf6 2. c4 g6 3. Bg5 Bg7 4. Nc3 0-0 5. Nf3 d6 6. e3 Nc6 7. Be2 a6 8. 0-0 h6 9. Bh4 g5 10. Bg3 Nh5 11. h3 Nxg3 12. fxg3 e5 13. d5 Ne7 14. e4 f5 15. exf5 Nxf5 16. Qd3 Nxg3 17. Rf2 Bf5 18. Qe3 Nxe2+ 19. Qxe2 e4 20. Nxe4 Re8 21. Nfd2 Bd4 22. Raf1 Qe7 23. Kh1 Bxf2 24. Qxf2 Rf8 25. Qxf5 Rxf5 26. Rxf5 Rf8 27. g4 Rxf5 28. gxf5 Qe5 29. b3 Qxf5 0-1

[Event "Voronezh-ch"]
[Site "Voronezh"]
[Date "2012.10.23"]
[Round "4"]
[White "Mokshin, Maksim"]
[Black "Korotchenkov, Viktor"]
[Result "1-0"]
[WhiteElo "1948"]
[BlackElo "1633"]
[PlyCount "39"]
[EventDate "2012.10.19"]
[EventType "swiss"]
[EventRounds "9"]
[EventCountry "RUS"]
[SourceTitle "EXT 2013"]
[Source "ChessBase"]
[SourceDate "2012.11.22"]
[SourceVersion "1"]
[SourceVersionDate "2012.11.22"]
[SourceQuality "1"]

1. e4 e6 2. d4 b6 3. Bd3 Bb7 4. Ne2 f5 5. Ng3 fxe4 6. Bxe4 Bxe4 7. Nxe4 Nf6 8. Qe2 Nc6 9. c3 Be7 10. Nxf6+ Bxf6 11. d5 Ne5 12. f4 Ng6 13. f5 Ne7 14. dxe6 Nxf5 15. 0-0 Ne7 16. Qh5+ Ng6 17. Qd5 0-0 18. e7+ Kh8 19. exd8Q Raxd8 20. Nd2 1-0

[Event "Voronezh Region-ch"]
[Site "Voronezh"]
[Date "2011.12.09"]
[Round "1"]
[White "Korotchenkov, Viktor"]
[Black "Grishchenko, Vladimir"]
[Result "0-1"]
[WhiteElo "1636"]
[BlackElo "2093"]
[PlyCount "46"]
[EventDate "2011.12.09"]
[EventType "swiss"]
[EventRounds "9"]
[EventCountry "RUS"]
[SourceTitle "CBM 146 Extra"]
[Source "ChessBase"]
[SourceDate "2012.02.29"]
[SourceVersion "1"]
[SourceVersionDate "2012.02.29"]
[SourceQuality "1"]

1. e4 c5 2. Nf3 e6 3. Nc3 a6 4. g3 b5 5. Bg2 Bb7 6. d3 g6 7. Be3 b4 8. Ne2 d6 9. c4 Nf6 10. h3 Nbd7 11. 0-0 Bg7 12. Bf4 e5 13. Bg5 h6 14. Bd2 0-0 15. Nh4 Rb8 16. Qc1 Kh7 17. Kh2 a5 18. Nf3 Ng8 19. g4 f5 20. exf5 gxf5 21. g5 e4 22. Nh4 hxg5 23. Ng3 gxh4 0-1

[Event "Voronezh op-B 15th"]
[Site "Voronezh"]
[Date "2011.06.18"]
[Round "7"]
[White "Kostin, Yury"]
[Black "Korotchenkov, Viktor"]
[Result "0-1"]
[WhiteElo "1725"]
[BlackElo "1645"]
[PlyCount "39"]
[EventDate "2011.06.12"]
[EventType "swiss"]
[EventRounds "9"]
[EventCountry "RUS"]
[SourceTitle "CBM 143 Extra"]
[Source "ChessBase"]
[SourceDate "2011.08.29"]
[SourceVersion "1"]
[SourceVersionDate "2011.08.29"]
[SourceQuality "1"]

1. e4 c5 2. Nf3 Nc6 3. d4 cxd4 4. Nxd4 d6 5. Be2 e5 6. Nxc6 bxc6 7. 0-0 Nf6 8. Nc3 Be7 9. Kh1 0-0 10. f4 Bb7 11. Bf3 Qd7 12. g4 Rfd8 13. g5 Ne8 14. f5 f6 15. h4 d5 16. Qe1 Nd6 17. Bg2 Rab8 18. b3 Ba6 19. Rf2 fxg5 20. hxg5 0-1

[Event "Borisoglebsk Bocharov Memorial"]
[Site "Borisoglebsk"]
[Date "2011.03.31"]
[Round "?"]
[White "Korotchenkov, Viktor"]
[Black "Zemlyansky, Dmitri"]
[Result "0-1"]
[WhiteElo "2402"]
[BlackElo "2292"]
[PlyCount "60"]
[EventDate "2011.03.31"]
[EventType "swiss"]
[EventRounds "9"]
[EventCountry "RUS"]
[SourceTitle "CBM 141 Extra"]
[Source "ChessBase"]
[SourceDate "2011.05.03"]
[SourceVersion "1"]
[SourceVersionDate "2011.05.03"]
[SourceQuality "1"]

1. e4 Nf6 2. Nc3 e5 3. Nf3 Bb4 4. Bc4 0-0 5. d3 c6 6. a3 Ba5 7. Bg5 h6 8. Bh4 d6 9. 0-0 Bg4 10. h3 Bxf3 11. Qxf3 g5 12. Bg3 Kg7 13. Rad1 Nbd7 14. d4 Qe7 15. Ne2 Bc7 16. Bh2 d5 17. Ng3 Qe6 18. Nf5+ Kg6 19. Bb3 Nxe4 20. Qxe4 dxe4 21. Bxe6 fxe6 22. Ne3 Rad8 23. Nc4 b5 24. Bxe5 Nxe5 25. Nxe5+ Bxe5 26. dxe5 Rd5 27. Rfe1 Rfd8 28. Rxd5 exd5 29. f3 Re8 30. fxe4 Rxe5 0-1

[Event "Voronezh Region-ch"]
[Site "Voronezh"]
[Date "2010.12.07"]
[Round "1"]
[White "Korotchenkov, Viktor"]
[Black "Manukovsky, Vladimir"]
[Result "1/2-1/2"]
[WhiteElo "1641"]
[BlackElo "2264"]
[PlyCount "37"]
[EventDate "2010.12.07"]
[EventType "swiss"]
[EventRounds "9"]
[EventCountry "RUS"]
[SourceTitle "EXT 2013"]
[Source "ChessBase"]
[SourceDate "2012.11.22"]
[SourceVersion "1"]
[SourceVersionDate "2012.11.22"]
[SourceQuality "1"]

1. e4 e5 2. Nf3 Nc6 3. c3 Nf6 4. d3 d5 5. exd5 Qxd5 6. Qb3 b6 7. Qxd5 Nxd5 8. Nbd2 Ba6 9. Ne4 f6 10. a3 0-0-0 11. c4 Nde7 12. Be3 Nf5 13. Be2 Be7 14. b4 Bb7 15. 0-0 Ncd4 16. Nxd4 Nxd4 17. Bxd4 Rxd4 18. Rfd1 Rhd8 19. Nc3 1/2-1/2

[Event "Voronezh-ch"]
[Site "Voronezh"]
[Date "2010.03.10"]
[Round "2"]
[White "Korotchenkov, Viktor"]
[Black "Ioffe, Evgeny"]
[Result "0-1"]
[WhiteElo "1685"]
[BlackElo "2074"]
[PlyCount "68"]
[EventDate "2010.03.09"]
[EventType "swiss"]
[EventRounds "9"]
[EventCountry "RUS"]
[SourceTitle "CBM 135 Extra"]
[Source "ChessBase"]
[SourceDate "2010.05.04"]
[SourceVersion "1"]
[SourceVersionDate "2010.05.04"]
[SourceQuality "1"]

1. e4 c6 2. Nf3 d5 3. exd5 cxd5 4. Bb5+ Bd7 5. Bxd7+ Nxd7 6. 0-0 Ngf6 7. d4 e6 8. Bg5 Be7 9. c3 0-0 10. Nbd2 h6 11. Bf4 Rc8 12. Re1 Qb6 13. Qb3 Qa6 14. Ne5 Nb6 15. Re3 Nc4 16. Nexc4 dxc4 17. Qc2 Nd5 18. Rf3 b5 19. Ne4 Rfd8 20. Qd2 Bf8 21. Rg3 f5 22. Nc5 Bxc5 23. dxc5 Nf6 24. Bd6 Ne4 25. Qxh6 Nxg3 26. Qxe6+ Kh8 27. hxg3 Rxc5 28. Rd1 Qc8 29. Qe7 Rc6 30. Rd4 Re8 31. Rh4+ Kg8 32. Qxa7 Rxd6 33. Rd4 Ra6 34. Qd7 Re1+ 0-1

[Event "Voronezh Region-ch"]
[Site "Voronezh"]
[Date "2009.10.17"]
[Round "7"]
[White "Kornilov, Peter"]
[Black "Korotchenkov, Viktor"]
[Result "1-0"]
[WhiteElo "2073"]
[BlackElo "1675"]
[PlyCount "49"]
[EventDate "2009.10.10"]
[EventType "swiss"]
[EventRounds "9"]
[EventCountry "RUS"]
[SourceTitle "EXT 2010"]
[Source "ChessBase"]
[SourceDate "2010.11.25"]
[SourceVersion "1"]
[SourceVersionDate "2010.11.25"]
[SourceQuality "1"]

1. Nf3 Nc6 2. d4 d5 3. c3 Bf5 4. Nbd2 e6 5. g3 Bd6 6. Bg2 Nf6 7. Nh4 Bg4 8. 0-0 Ne7 9. c4 Nf5 10. Nhf3 c6 11. b3 0-0 12. Bb2 b6 13. Ne5 Qc7 14. h3 Nxd4 15. Nxg4 Nxg4 16. hxg4 e5 17. Bxd4 exd4 18. cxd5 c5 19. Nc4 Rae8 20. Nxd6 Qxd6 21. Qd3 Re5 22. Rac1 Rfe8 23. Rc2 Qd7 24. Bf3 Qd6 25. b4 1-0

[Event "Voronezh Region-ch"]
[Site "Voronezh"]
[Date "2009.10.11"]
[Round "1"]
[White "Korotchenkov, Viktor"]
[Black "Kiselev, Maxim2222"]
[Result "0-1"]
[WhiteElo "1675"]
[BlackElo "2185"]
[PlyCount "106"]
[EventDate "2009.10.10"]
[EventType "swiss"]
[EventRounds "9"]
[EventCountry "RUS"]
[SourceTitle "EXT 2010"]
[Source "ChessBase"]
[SourceDate "2010.11.25"]
[SourceVersion "1"]
[SourceVersionDate "2010.11.25"]
[SourceQuality "1"]

1. e4 d6 2. d4 Nf6 3. Bd3 e5 4. c3 Nc6 5. Bg5 exd4 6. Nf3 dxc3 7. Nxc3 Be7 8. 0-0 Bg4 9. Bb5 0-0 10. a3 h6 11. Bf4 a6 12. Bc4 Qd7 13. Qd3 Rad8 14. Rad1 Qc8 15. Qe3 Bxf3 16. Qxf3 Ne5 17. Bxe5 dxe5 18. Rxd8 Qxd8 19. Rd1 Qe8 20. Rd3 c6 21. Qg3 Bc5 22. Qg6 Kh8 23. Qf5 b5 24. Ba2 Qe7 25. b4 Bb6 26. g4 g6 27. Qf3 Kg7 28. h3 Nh7 29. Qg3 Rd8 30. Kg2 Rxd3 31. Qxd3 Ng5 32. Ne2 a5 33. h4 Ne6 34. Qc3 Qf6 35. f3 axb4 36. axb4 Bd4 37. Nxd4 exd4 38. Qe1 Nf4+ 39. Kg3 Qe5 40. Qd2 g5 41. hxg5 hxg5 42. Bb1 Ne2+ 43. Kf2 Nc3 44. Bd3 Qh2+ 45. Ke1 Qg1+ 46. Bf1 Qe3+ 47. Qxe3 dxe3 48. Bd3 Kf6 49. Bc2 Ke5 50. Bb3 f6 51. Bf7 Kf4 52. Be8 Kxf3 53. Bxc6 Kxg4 0-1

[Event "Dimitrovgrad-ch"]
[Site "Dimitrovgrad"]
[Date "2009.??.??"]
[Round "4"]
[White "Korotchenkov, Viktor"]
[Black "Avtsynov, Artyom"]
[Result "0-1"]
[WhiteElo "1675"]
[BlackElo "1875"]
[PlyCount "108"]
[EventDate "2009.08.??"]
[EventType "swiss"]
[EventRounds "9"]
[EventCountry "RUS"]
[SourceTitle "EXT 2012"]
[Source "ChessBase"]
[SourceDate "2011.11.24"]
[SourceVersion "1"]
[SourceVersionDate "2011.11.24"]
[SourceQuality "1"]

1. e4 c5 2. Bc4 e6 3. c3 Nf6 4. d3 Nc6 5. Bg5 Be7 6. Nf3 0-0 7. Nbd2 d5 8. exd5 exd5 9. Bb3 Bf5 10. Bc2 h6 11. Bf4 Bd6 12. Bxd6 Re8+ 13. Be5 Nxe5 14. 0-0 Nxd3 15. Qb1 c4 16. Ne1 Ne4 17. Ndf3 Nxe1 18. Rxe1 Bh7 19. Nd4 Nf6 20. Bxh7+ Nxh7 21. Qf5 Nf6 22. Rad1 Qa5 23. a3 Qb6 24. Qc2 a6 25. f3 Rad8 26. Kf1 Qc7 27. g3 b5 28. Nf5 Qc5 29. Qd2 a5 30. Qf4 Nh7 31. Re5 Rxe5 32. Qxe5 Nf6 33. Nxh6+ gxh6 34. Qxf6 Rd6 35. Qf5 Qc6 36. Rd4 Kf8 37. Qe5 Qd7 38. Rh4 Qc6 39. Rh5 Kg8 40. Qd4 Qd7 41. Re5 Qc6 42. Re7 Rf6 43. Kf2 Kf8 44. Re5 Kg8 45. Re8+ Kh7 46. Qe5 d4 47. Qxd4 Qxf3+ 48. Ke1 Qf1+ 49. Kd2 Rf2+ 50. Qxf2 Qxf2+ 51. Re2 Qg1 52. Re1 Qxh2+ 53. Re2 Qxg3 54. Kc2 Qd3+ 0-1

[Event "Dimitrovgrad-ch"]
[Site "Dimitrovgrad"]
[Date "2009.??.??"]
[Round "7"]
[White "Korotchenkov, Viktor"]
[Black "Lazarev, Alexander"]
[Result "1-0"]
[WhiteElo "1675"]
[BlackElo "2010"]
[PlyCount "49"]
[EventDate "2009.08.??"]
[EventType "swiss"]
[EventRounds "9"]
[EventCountry "RUS"]
[SourceTitle "EXT 2012"]
[Source "ChessBase"]
[SourceDate "2011.11.24"]
[SourceVersion "1"]
[SourceVersionDate "2011.11.24"]
[SourceQuality "1"]

1. e4 c5 2. c3 d5 3. e5 d4 4. cxd4 Qxd4 5. Nf3 Qe4+ 6. Qe2 Qxe2+ 7. Bxe2 a6 8. Bc4 e6 9. Nc3 b5 10. Bd3 c4 11. Be4 Ra7 12. Nd4 Bc5 13. Nce2 Ne7 14. 0-0 Bd7 15. d3 cxd3 16. Bxd3 Nbc6 17. Nxc6 Nxc6 18. Bf4 0-0 19. Be4 Nd4 20. Ng3 Rc8 21. Rfd1 Nf5 22. Rac1 Be7 23. Ne2 Rxc1 24. Rxc1 g5 25. Be3 1-0